| 000 | 00434nam a2200169Ia 4500 | ||
|---|---|---|---|
| 008 | 260407s2025 xx 000 0 und d | ||
| 041 | _aeng | ||
| 082 |
_a651.7/VYA _b12347 |
||
| 100 | _aDR.N.S. VYAWAHAREL | ||
| 245 | _aCOMMUNICATION SKILLS | ||
| 250 | _a3RD | ||
| 260 |
_aPUNE _bNIRALI PRAKASHAN _c2025 |
||
| 300 | _a10.24p | ||
| 650 | _aCOMMUNICATION SKILLS | ||
| 650 | _aCOMMUNICATION SKILLS | ||
| 700 | _aDR.SHALAHEB PARKER | ||
| 999 |
_c1219839 _d1219839 |
||